|
|
|
|
| LEADER |
01108nam a2200253 a 4500 |
| 001 |
10646 |
| 008 |
130516s1998 ncua 001 0 eng d |
| 020 |
|
|
|a 0697391957
|
| 040 |
|
|
|a YQU
|c YQU
|d OCL
|d OCLCQ
|d BD-DhAAL
|
| 082 |
0 |
0 |
|a 150
|2 21
|
| 245 |
0 |
0 |
|a Psychology 98/99 /
|c editor Karen G. Duffy.
|
| 250 |
|
|
|a 28th ed.
|
| 260 |
|
|
|a Guilford :
|b Dushkin/McGraw-Hill,
|c c1998.
|
| 300 |
|
|
|a x, 245 p. :
|b ill. ;
|c 28 cm.
|
| 500 |
|
|
|a Includes index.
|
| 541 |
|
|
|e 10646
|
| 650 |
|
0 |
|a Psychology
|v Periodicals.
|
| 700 |
1 |
|
|a Duffy, Karen G.
|
| 852 |
1 |
|
|a Ayesha Abed Library
|j General shelf.
|
| 942 |
0 |
0 |
|0 1
|
| 999 |
|
|
|c 13555
|d 13555
|
| 952 |
|
|
|0 0
|1 0
|2 ddc
|4 0
|6 150_000000000000000_PSY
|7 0
|9 22650
|a BRACUL
|b BRACUL
|c GEN
|d 2013-06-09
|l 7
|m 3
|o 150 PSY
|p 3010010646
|r 2026-02-28
|s 2026-02-24
|t 2
|w 2013-06-09
|y BK
|
| 952 |
|
|
|0 0
|1 0
|2 ddc
|4 0
|6 150_000000000000000_PSY
|7 0
|9 44535
|a BRACUL
|b BRACUL
|c GEN
|d 2014-12-22
|l 4
|m 2
|o 150 PSY
|p 3010010645
|r 2017-12-04
|s 2017-11-28
|t 1
|w 2014-12-22
|y BK
|
| 952 |
|
|
|0 0
|1 0
|2 ddc
|4 0
|6 150_000000000000000_PSY
|7 0
|9 44674
|a BRACUL
|b BRACUL
|c GEN
|d 2015-01-08
|l 2
|m 10
|o 150 PSY
|p 3010010647
|r 2025-09-08
|s 2025-08-31
|t 3
|w 2015-01-08
|y BK
|